000 00309nam a22001337a 4500
008 170609b xxu||||| |||| 00| 0 eng d
020 _a9780393935349
041 _aeng
080 _24TH
_a32
100 _a19
101 _aSHP
245 _aESENTIAL READINGS IN WORLD POLITICS
_cMINGST,K.A
942 _2udc
_cBK
999 _c16765
_d16765